000 01282naa a22003617a 4500
001 BR7703031
003 BR-BrBNA
005 20240918173950.0
007 ta
008 230509b bl.||||| |||| 00| 0 por d
040 _aBR-BrBNA
_bpor
_cBiblioteca Nacional de Agricultura
041 _a(Pt)
072 _aQ10; E70
_b9230
_bG514
090 _aQ10 BR7703031
100 1 _aBar, W.H.
100 1 _aPizzinatto, A.
100 1 _aCiampi, C.M.S.
100 1 _aMedina, J.C.
111 1 _a2. Seminario Nacional de Armazenagem
_cBrasilia, DF (Brazil)
_d25 Oct 1976
245 1 _aRendimentos industrial e comercial do pao, sob os diversos aspectos de perda de farinha de trigo, verificados na cidade de Campinas [Sao Paulo; Brasil]
260 3 _aBrasilia, DF (Brasil):
_c1977.
500 _aAnais do 2. Seminario Nacional de Armazenagem Brasilia, DF (Brasil): 1977. v. 2 p. 111-117 (BR7703031-AM)Q10
650 _aTecnologia de alimento
650 _aComercializacao
650 _aPao
650 _aFarinha
650 _aRendimento
650 _aCampinas
650 _aSao Paulo
773 0 _tAnais do 2. Seminario Nacional de Armazenagem
_wQ10 BR7703031
_gBrasilia, DF (Brasil), 1977. v. 2 p. 111-117
909 _a202404
_bLucia
_c55
_dLucia Elande
942 _cAM
_2AGRIS
999 _c308007
_d308007